000 00325nam a2200121Ia 4500
008 240624s9999 xx 000 0 und d
041 _aeng
082 _a650 ICF
100 _aICFAI CENTER FOR MANAGEMENT RESEARCH
245 _aCORPORATE GOVERNANCE AT AHOLD
260 _c2006
_aHyderabad
_bICFAI
300 _a20 : p. : cm. ; 30
999 _c11724
_d11724